01325cam a22003737a 4500003000500000005001700005008004100022010001000063011001000073020001500083035001000098040000900108082001900117110000800136245011300144260002400257300001000281490003800291590004100329590004100370590004100411590004100452590004200493650004400535700002900579700002700608830004500635901000700680905002300687942001000710949007700720999001700797952013700814CHAP20220817043551.0990813d1994 it rn 00110 eng d a78712 a79684 a9251036055 a90069 cCHAP04a301.35bF5 v.82 aFAO14aThe development of independent cooperatives in Zambia :ba case-studyc/by Paul Ojermark and Charles Chabala aRome :bFAO,c1994. a59 p. 0aFAO. Participación popularv; 8 aBATCH-UPDb10c20130110lUCH01h0649 aBATCH-UPDb10c20130110lUCH01h2339 aBATCH-UPDb10c20130410lUCH01h0334 aBATCH-UPDb10c20130914lUCH01h1849 aCONVERSIONb10c20130109lUCH01h13441 aSociedades cooperativasxZambia91081410 aChabala, Charles.9216810 aOjermark, Paul.9829280 aFAO. Participación popularv; 8939644 aBK aLilia Sánchez G. cLIBRO a301.35 F5 v.8bBCcFAOd33724000737292eFAO1h96160i90069kDonaciØnsb c78712d78712 00104053708FAOaBCbBCcPP_FAOd2019-12-31fLIBROi127l0o301.35 F5 v.8p33724000737292r2019-12-31 00:00:00w2019-12-31yLIBRO